<?xml version="1.0" encoding="UTF-8"?>
<record
    xmlns:xsi="http://www.w3.org/2001/XMLSchema-instance"
    xsi:schemaLocation="http://www.loc.gov/MARC21/slim http://www.loc.gov/standards/marcxml/schema/MARC21slim.xsd"
    xmlns="http://www.loc.gov/MARC21/slim">

  <leader>01183nam a2200205   4500</leader>
  <controlfield tag="008">240228b        |||||||| |||| 00| 0 eng d</controlfield>
  <datafield tag="020" ind1=" " ind2=" ">
    <subfield code="a">9785672235</subfield>
  </datafield>
  <datafield tag="082" ind1=" " ind2=" ">
    <subfield code="a">346.044</subfield>
    <subfield code="b">MAU</subfield>
  </datafield>
  <datafield tag="100" ind1=" " ind2=" ">
    <subfield code="a">&#xBAE;&#xBCC;&#xBA9;&#xB95;&#xBC1;&#xBB0;&#xBC1;, &#xB9A;&#xBBF;&#xBA4;&#xBCD;&#xBA4;&#xBBF;&#xBB0;&#xBB2;&#xBC7;&#xB95;&#xBBE;</subfield>
    <subfield code="v"> Maunaguru, Sitralega</subfield>
  </datafield>
  <datafield tag="242" ind1=" " ind2=" ">
    <subfield code="a">Penkalin Nilam</subfield>
  </datafield>
  <datafield tag="245" ind1=" " ind2=" ">
    <subfield code="a">&#xBAA;&#xBC6;&#xBA3;&#xBCD;&#xB95;&#xBB3;&#xBBF;&#xBA9;&#xBCD; &#xBA8;&#xBBF;&#xBB2;&#xBAE;&#xBCD;: </subfield>
    <subfield code="b">&#xBAE;&#xB9F;&#xBCD;&#xB9F;&#xB95;&#xBCD;&#xB95;&#xBB3;&#xBAA;&#xBCD;&#xBAA;&#xBBF;&#xBB2;&#xBCD; &#xB9A;&#xBC1;&#xBA9;&#xBBE;&#xBAE;&#xBBF;&#xB95;&#xBCD;&#xB95;&#xBC1;&#xBAA;&#xBCD; &#xBAA;&#xBBF;&#xBA9;&#xBCD;&#xBA9;&#xBB0;&#xBCD; &#xBAE;&#xBC0;&#xBB3;&#xBCD;&#xB95;&#xBC1;&#xB9F;&#xBBF;&#xBAF;&#xBC7;&#xBB1;&#xBCD;&#xBB1; &#xBAE;&#xBC1;&#xBA9;&#xBCD;&#xBA9;&#xBC6;&#xB9F;&#xBC1;&#xBAA;&#xBCD;&#xBAA;&#xBBF;&#xBB2;&#xBCD; &#xBAA;&#xBC6;&#xBA3;&#xBCD;&#xB95;&#xBB3;&#xBBF;&#xBA9;&#xBCD; &#xB95;&#xBBE;&#xBA3;&#xBBF; &#xB89;&#xBB0;&#xBBF;&#xBAE;&#xBC8;&#xB95;&#xBB3;&#xBCD;  &#xBAA;&#xBB1;&#xBCD;&#xBB1;&#xBBF;&#xBAF; &#xB86;&#xBAF;&#xBCD;&#xBB5;&#xBC1;</subfield>
  </datafield>
  <datafield tag="260" ind1=" " ind2=" ">
    <subfield code="a">Batticaloa: </subfield>
    <subfield code="b">Suriya women's development centre,</subfield>
    <subfield code="c">2010</subfield>
  </datafield>
  <datafield tag="300" ind1=" " ind2=" ">
    <subfield code="a"> viii, 63 p. : color ill., maps (some color); 30 cm</subfield>
  </datafield>
  <datafield tag="650" ind1=" " ind2=" ">
    <subfield code="a">Women and land use planning- Sri Lanka- Batticaloa District </subfield>
  </datafield>
  <datafield tag="650" ind1=" " ind2=" ">
    <subfield code="a">Right of property- Sri Lanka- Batticaloa District</subfield>
  </datafield>
  <datafield tag="650" ind1=" " ind2=" ">
    <subfield code="a">Land tenure- Sri Lanka- Batticaloa District</subfield>
  </datafield>
  <datafield tag="700" ind1=" " ind2=" ">
    <subfield code="a">&#xB87;&#xBAE;&#xBBE;&#xBA9;&#xBC1;&#xBB5;&#xBC7;&#xBB2;&#xBCD;, &#xB9A;&#xBB0;&#xBB3;&#xBBE;</subfield>
    <subfield code="y">Emmanuel, Sarala</subfield>
  </datafield>
  <datafield tag="700" ind1=" " ind2=" ">
    <subfield code="a">&#xBAE;&#xBC1;&#xBB0;&#xBC1;&#xB95;&#xBA4;&#xBBE;&#xBB8;&#xBCD;, &#xB85;&#xBAE;&#xBCD;&#xBAE;&#xBA9;&#xBCD;&#xB95;&#xBBF;&#xBB3;&#xBBF;</subfield>
    <subfield code="e">trans.</subfield>
    <subfield code="y">Murugathas, Ammankili</subfield>
  </datafield>
  <datafield tag="942" ind1=" " ind2=" ">
    <subfield code="c">RP</subfield>
  </datafield>
  <datafield tag="952" ind1=" " ind2=" ">
    <subfield code="0">0</subfield>
    <subfield code="1">0</subfield>
    <subfield code="2">ddc</subfield>
    <subfield code="4">0</subfield>
    <subfield code="7">0</subfield>
    <subfield code="a">MAIN</subfield>
    <subfield code="b">MAIN</subfield>
    <subfield code="d">2024-02-28</subfield>
    <subfield code="l">0</subfield>
    <subfield code="o">346.044 MAU</subfield>
    <subfield code="p">RAF5122</subfield>
    <subfield code="r">2024-02-28</subfield>
    <subfield code="w">2024-02-28</subfield>
    <subfield code="y">RP</subfield>
  </datafield>
  <datafield tag="999" ind1=" " ind2=" ">
    <subfield code="c">4825</subfield>
    <subfield code="d">4825</subfield>
  </datafield>
</record>
